000 00697nam a2200265Ia 4500
005 20260302115615.0
008 008 260114s9999 xx 000 0 eng d
020 _a9781408166505
037 _aTextbook
040 _aCRL
040 _beng
040 _cCRL
041 _2eng
041 _aeng
084 _qCRL
100 _aDr. Caoimhe McAvinchey
_91122125
245 0 _aPerformance and Community Commentary and Case Studies
260 _bBloomsbury
260 _bMethuen Drama
260 _c2013
650 _aLiterary Studies
856 _uhttps://doi.org/10.5040/9781408166505?locatt=label:secondary_bloomsburyCollections
942 _cEBOOK
999 _c1686820
_d1686820